| 000 | 00631nam a2200205Ii 4500 | ||
|---|---|---|---|
| 001 | HUB038513 | ||
| 003 | PILC | ||
| 005 | 20150827141312.0 | ||
| 008 | 761202s1975 nyuac 000 0beng d | ||
| 040 |
_aLXP _cLXP _dRGC |
||
| 050 |
_aPN 2598.N5 _b.N644 1975 |
||
| 100 | 1 | _aNiven, David. | |
| 245 | 1 | 0 |
_aBring on the empty horses / _cDavid Niven. |
| 260 |
_aNew York : _bDell, _c1975. |
||
| 300 |
_a352 pages : _billustrations ; _c18 cm. |
||
| 600 | 1 | 0 | _aNiven, David. |
| 650 | 0 |
_aMotion picture actors and actresses _zUnited States _xBiography. |
|
| 650 | 0 |
_aMotion picture industry _zCalifornia _zLos Angeles. |
|
| 942 |
_2lcc _cBK |
||
| 999 |
_c288537 _d288537 |
||